000 01153cac a22002531u 4500
090 _c4586
008 081204t 1997xxu||||| |||| 00| 0 eng d
010 _a 96032925
020 _a0471141038 (alk. paper)
082 0 0 _a657
_bHOS
100 _aHoskin, Robert E.,
245 1 0 _aFinancial accounting :
_ba user perspective /
_cRobert E. Hoskin.
250 _a2nd ed.
260 _aNew York :
_bJohn Wiley & Sons,
_cc1997.
300 _axix, 919 p. :
_bill. ;
_c25 cm. +
_e1 computer disk (3 1/2 in.)
504 _aIncludes bibliographical references and index.
650 0 _aAccounting.
856 4 2 _3Publisher description
_uhttp://www.loc.gov/catdir/description/wiley034/96032925.html
856 4 2 _3Table of Contents only
_uhttp://www.loc.gov/catdir/toc/onix05/96032925.html
856 4 2 _3Contributor biographical information
_uhttp://www.loc.gov/catdir/enhancements/fy0607/96032925-b.html
942 _cBB
_k657HOS
_2ddc
999 _c4586
_d4586